000 00794cab a2200241 4500
001 ABS41070
008 090401t1989 xxu||||| |||| 00| 0 eng d
035 _a(Sirsi) u28012
041 _aeng
100 _aHarris, P.J.
245 4 _aThe anatomy of a building
260 _c1989
350 _a0
490 _aSolicitors` Journal
_v133(30) 28 July 1989, 954-957(4)
520 _aConsiders the case D&F Estates Ltd v Church Commissioners for England and discusses the questions it raised regarding the separateness of different parts of a building structure, drawing guidance from the field of patent law.
650 _aBUILDING DEFECTS
650 _aCONTRACTOR
650 _aLIABILITY
650 _aNEGLIGENCE
690 _aBUILT ENVIRONMENT
942 _n0
948 _c04/03/1997
999 _c18891
_d18891